Brazil's moment to shine (Record no. 112674)

MARC details
000 -LEADER
fixed length control field 01002cad a22002175a 4500
001 - CONTROL NUMBER
control field L153726
008 - FIXED-LENGTH DATA ELEMENTS--GENERAL INFORMATION
fixed length control field 110823s2011 xxk f 000 0 eng d
035 ## - SYSTEM CONTROL NUMBER
System control number (Sirsi) u153726
041 0# - LANGUAGE CODE
Language code of text/sound track or separate title eng
050 04 - LIBRARY OF CONGRESS CALL NUMBER
Classification number 692.5098 $2 18
110 2# - MAIN ENTRY--CORPORATE NAME
Corporate name or jurisdiction name as entry element UK Trade and Investment
9 (RLIN) 4699
245 00 - TITLE STATEMENT
Title Brazil's moment to shine
Remainder of title opportunities for UK business in the Rio 2016 Olympic & Paralympic Games : executive summary
Medium [electronic resource]
260 ## - PUBLICATION, DISTRIBUTION, ETC.
Place of publication, distribution, etc. [S.I.]
Name of publisher, distributor, etc. UKTI
Date of publication, distribution, etc. 2011
520 ## - SUMMARY, ETC.
Summary, etc. Looks at Brazil's economy and the opportunities for British construction companies, tables of the 10 largest contractors and 10 largest engineering companies in Brazil.
590 ## - LOCAL NOTE (RLIN)
Local note KA NTK
651 #4 - SUBJECT ADDED ENTRY--GEOGRAPHIC NAME
Geographic name Brazil
690 ## - LOCAL SUBJECT ADDED ENTRY--TOPICAL TERM (OCLC, RLIN)
Topical term or geographic name as entry element BUILT ENVIRONMENT-CONSTRUCTION MARKET
690 ## - LOCAL SUBJECT ADDED ENTRY--TOPICAL TERM (OCLC, RLIN)
Topical term or geographic name as entry element BUILT ENVIRONMENT-BUILDING COSTS
856 40 - ELECTRONIC LOCATION AND ACCESS
Uniform Resource Identifier <a href="https://www.ukti.gov.uk/export/countries/americas/southamerica/brazil/item/158120.html">https://www.ukti.gov.uk/export/countries/americas/southamerica/brazil/item/158120.html</a>
Public note View the website free of charge and order a free copy of the full report at www.ukti.gov.uk
942 ## - ADDED ENTRY ELEMENTS (KOHA)
Suppress in OPAC 0
Holdings
Withdrawn status Lost status Source of classification or shelving scheme Damaged status Not for loan Home library Current library Shelving location Date acquired Total Checkouts Full call number Barcode Date last seen Copy number Price effective from Koha item type
    Dewey Decimal Classification     Virtual Virtual Online 23/08/2011   ONLINE PUBLICATION 153726-2001 06/08/2019 1 06/08/2019 Book